Statistics for Indiana Pacers All-Time Roster

Click here to take the quiz!

General Stats

  • This quiz has been taken 111 times
  • The average score is 5 of 12

Answer Stats

Post Player % Correct
SGReggie Miller
96%
SFPaul George
91%
CJermaine O'Neal
72%
BNDanny Granger
47%
BNDale Davis
36%
BNGeorge Hill
31%
PFGeorge McGinnis
29%
BNMel Daniels
14%
BNBilly Knight
14%
BNDetlef Schrempf
14%
BNRoger Brown
11%
PGFreddie Lewis
10%

Score Distribution

Percentile by Number Answered

Percent of People with Each Score

Your Score History

You have not taken this quiz